Statystyki dla Państwa Europy, które mają największy procent posiadania swojego domu

Kliknij tutaj aby rozwiązać quiz!

Ogólne statystyki

  • Ten quiz został rozwiązany 14 razy
  • Średni wynik to 9 z 10

Statystyki odpowiedzi

ProcentPaństwo% Poprawnych
84%Polska
100%
89%Rosja
100%
90%Chorwacja
92%
90%Litwa
92%
84%Serbia
92%
91%Słowacja
92%
84%Bułgaria
85%
96%Rumunia
85%
88%Macedonia
77%
86%Węgry
69%

Rozkład punktacji

Percentyl według liczby udzielonych odpowiedzi

Procent ludzi z każdym wynikiem

Twoja historia wyników

Nie rozwiązałeś tego quizu